| 000 | 01737cam a2200421 a 4500 | ||
|---|---|---|---|
| 001 | 13190595 | ||
| 003 | EG-ScBUE | ||
| 005 | 20250513103630.0 | ||
| 008 | 030508s2003 enk f 000 1 eng d | ||
| 020 | _a9780140449242 | ||
| 040 |
_aDLC _beng _erda _cDLC _dDLC _dEG-ScBUE |
||
| 041 | 1 |
_aeng _hrus |
|
| 043 | _ae-ur--- | ||
| 082 | 0 | 4 |
_a891.733 _222 _bDOS |
| 100 | 1 |
_aDostoyevsky, Fyodor, _d1821-1881, _eauthor. |
|
| 240 | 1 | 0 |
_aBratʹi︠a︡ Karamazovy. _lEnglish |
| 245 | 1 | 4 |
_aThe brothers Karamazov : _ba novel in four parts and an epilogue / _cFyodor Dostoyevsky ; translated with an introduction and notes by David McDuff. |
| 264 | 1 |
_aLondon : _bPenguin Books, _c2003. |
|
| 300 |
_axxx, 1013 pages ; _c20 cm. |
||
| 336 |
_2rdacontent _atext _btxt |
||
| 337 |
_2rdamedia _aunmediated _bn |
||
| 338 |
_2rdacarrier _avolume _bnc |
||
| 490 | 0 | _aPenguin classics | |
| 500 | _a"First published 1880"--T.p. verso. | ||
| 500 | _a"Reissued with revisions 2003"--T.p. verso. | ||
| 546 | _aText in English ; translated from the original Russian language. | ||
| 650 | 7 |
_aFathers and sons _vFiction. _2BUEsh |
|
| 650 | 7 |
_aBrothers _vFiction. _2BUEsh |
|
| 651 | 7 |
_aRussia _xSocial life and customs _y1533-1917 _vFiction. _2BUEsh |
|
| 653 |
_cMay2025 _bHHUUEENN |
||
| 655 | _vReading book | ||
| 700 | 1 |
_aMcDuff, David, _d1945- _etranslator. |
|
| 856 | 4 | 2 |
_3Contributor biographical information _uhttp://www.loc.gov/catdir/enhancements/fy0716/2003267786-b.html |
| 856 | 4 | 2 |
_3Publisher description _uhttp://www.loc.gov/catdir/enhancements/fy0716/2003267786-d.html |
| 856 | 4 | 1 |
_3Table of contents only _uhttp://www.loc.gov/catdir/enhancements/fy1204/2003267786-t.html |
| 906 |
_a7 _bcbc _corigcop _d3 _encip _f20 _gy-gencatlg |
||
| 942 |
_2ddc _cBB |
||
| 999 |
_c30978 _d30949 |
||